00375nam a22001457a 4500003000400000005001700004008004100021020001800062040000900080082001500089100003200104245005100136260002900187300001300216OSt20210428113247.0210428b ||||| |||| 00| 0 eng d a9788182719255 coclc a306bKAR/S a Karakunnu, Sheikh Mohammed aSanthusta Kudumbam/cSheikh Muhammed Karakunnu aKozhikode :bIPH,c2018. a78 pages